MARC

LEADER 00000nam0a2200000 4500
001 333146
005 20231102004527.0
035 |a (RuTPU)RU\TPU\book\359141 
090 |a 333146 
100 |a 20170607d1964 km y0rusy50 ca 
101 0 |a rus 
102 |a RU 
105 |a a g 000zy 
200 1 |a Координаты точек окружности  |e справочные таблицы  |f Е. Г. Рейнгольд 
210 |a Москва  |c Машиностроение  |d 1964 
215 |a 115 с.  |c табл. 
606 1 |a Фрезерование  |2 stltpush  |3 (RuTPU)RU\TPU\subj\73388  |9 86420 
610 1 |a справочные таблицы 
610 1 |a расчетные таблицы 
610 1 |a точки координат 
610 1 |a окружности 
610 1 |a фасонные поверхности 
610 1 |a фрезерная обработка 
610 1 |a точность 
675 |a 621.914(035)  |v 4 
700 1 |a Рейнгольд  |b Е. Г. 
801 1 |a RU  |b 63413507  |c 20170607 
801 2 |a RU  |b 63413507  |c 20201123  |g RCR 
942 |c BK